000 01194 a2200241 4500
005 20080904104256.0
008 080904t xxu||||| |||| 00| 0 hin d
010 _aHIN-78960
020 _c200.00
_a8180590461
035 _aHN-51307
037 _bD.B.Act / pub
082 _a260.33
100 _aजौहर, सुरिन्दर सिंह
245 _aगुरू गोविन्द सिंह
_cसुरिन्दर सिंह जौहर
246 _aGuru Gobind Singh
_bSurinder Singh Johar
260 _aदिल्ली
_bश्री प्रकाशन
_c2006
270 _bदिल्ली
_aए-402, विद्युत अपार्टमेंट,इन्द्रप्रस्थ एक्सटेशन, पटपडगंज
_e110092
_k011 22245803
300 _a204पृ.
_c22 सेमी (सजिल्द)
650 _aजीवनी
650 _aBiography
942 _adpl
_cHN
_k260.33 / जौहर
_2ddc
_h260.33
_mजौहर
999 _c1069
_d1069